000 00565nam a22001817a 4500
005 20170505121959.0
010 _aENG-117909
020 _c200.00
035 _aEN-101441
037 _bDBAD/PUB
082 _a200.954
100 _aGanguly N.K.
245 _aFaces of Fundamentalism India :
_cN.K. Ganguly.
260 _aJadavpur
_bNational Council of Education,
_c1999
270 _a188,Raja Subodh Ch. Mullick Road P,O. Jadavpure University Kolkata-700032
_bCalcutta
300 _aix,430p.
_c22cm(Pbk)
942 _2ddc
_cEN
_h200.954
_mGAN
999 _c139171
_d139171